000
00319nam a2200145Ia 4500
100
_a
Papoulis/ Athanasios/ Pillai S.K
250
_a
4
942
_c
RB
654
_a
Probability
245
_a
Probability
260
_b
Tata Mc Graw hill Ltd.
_c
2002
082
_a
519.2
_b
PAP/PIL
300
_a
852
546
_a
ENGLISH
999
_c
35542
_d
35542